The review of Ghana law (2011- 2015). / (Record no. 7662)

MARC details
000 -LEADER
fixed length control field 01086nam a22002177a 4500
003 - CONTROL NUMBER IDENTIFIER
control field OSt
005 - DATE AND TIME OF LATEST TRANSACTION
control field 20210623132039.0
008 - FIXED-LENGTH DATA ELEMENTS--GENERAL INFORMATION
fixed length control field 140915b xxu||||| |||| 00| 0 eng d
022 ## - INTERNATIONAL STANDARD SERIAL NUMBER
International Standard Serial Number 08550859
040 ## - CATALOGING SOURCE
Transcribing agency LC
050 ## - LIBRARY OF CONGRESS CALL NUMBER
Classification number K18.R32(Vol. XXIII)
110 ## - MAIN ENTRY--CORPORATE NAME
Subordinate unit Council for Law Reporting (Ghana)
245 ## - TITLE STATEMENT
Title The review of Ghana law (2011- 2015). /
Statement of responsibility, etc. Editor: J .N .N Oku
260 ## - PUBLICATION, DISTRIBUTION, ETC.
Place of publication, distribution, etc. Accra:
Name of publisher, distributor, etc. Council for Law Reporting,
Date of publication, distribution, etc. 2011.
300 ## - PHYSICAL DESCRIPTION
Extent 317 p.:
440 ## - SERIES STATEMENT/ADDED ENTRY--TITLE
Name of part/section of a work The review of Ghana law (2011- 2015)
Volume/sequential designation Vol. XXII |
505 ## - FORMATTED CONTENTS NOTE
Formatted contents note Contents: Miscellany at Law -- The award of compensation by the Supreme Court where a convicted person is acquitted on appeal -- The Art and science of minute taking -- In-house counsel's dilemma: a conflict between professional ethics and corporate strategy -- Drafting of tax legislations -- The Petroleum Revenue Management Act: an antidoe to the resource curse in Ghana? -- Personal injuries -- Notes and comments -- Statutory intelligence -- Book review --
653 ## - INDEX TERM--UNCONTROLLED
Uncontrolled term Law -- Ghana -- Periodicals
700 ## - ADDED ENTRY--PERSONAL NAME
Fuller form of name Oku, J. N. N.
942 ## - ADDED ENTRY ELEMENTS (KOHA)
Source of classification or shelving scheme Library of Congress Classification
Koha item type Books
Holdings
Withdrawn status Lost status Source of classification or shelving scheme Damaged status Not for loan Home library Current library Shelving location Date acquired Total Checkouts Full call number Barcode Date last seen Price effective from Koha item type Copy number
    Library of Congress Classification     WISCONSIN INTERNATIONAL UNIVERSITY COLLEGE, GHANA - MAIN LIBRARY WISCONSIN INTERNATIONAL UNIVERSITY COLLEGE, GHANA - MAIN LIBRARY Law Library 07/09/2023   K18.R32(2011-2015 vol. xxiii) 3257/366/23 07/09/2023 07/09/2023 Books 1
    Library of Congress Classification     WISCONSIN INTERNATIONAL UNIVERSITY COLLEGE, GHANA KUMASI LIBRARY WISCONSIN INTERNATIONAL UNIVERSITY COLLEGE, GHANA KUMASI LIBRARY Law Library 30/08/2019   K18.R32(Vol. XXIII) KSL/202/19 23/06/2021 23/06/2021 Books  

If you have any concerns or questions; kindly contact the library


© Powered by WIUC ICT DIRECTORATE